Văn bản hướng dẫn đầu tư xây dựng và quản lý khai thác công trình thủy lợi

Shranjeno v:
Bibliografske podrobnosti
Format: Knjiga
Jezik:Vietnamese
Izdano: Xây dựng 2000
Teme:
Oznake: Označite
Brez oznak, prvi označite!
Thư viện lưu trữ: Mạng thư viện Đại học Đà Nẵng
LEADER 01016nam a2200301 a 4500
001 000003146
003 00533
005 20171229145311.0
008 171229s2000 vie
040 |a LSK 
041 0 |a VIE 
082 0 |a 627  |b Vă-B 
245 0 0 |a Văn bản hướng dẫn đầu tư xây dựng và quản lý khai thác công trình thủy lợi 
260 |b Xây dựng  |c 2000 
300 |a 243 pages  |c 20,5 cm. 
653 |a Xây dựng - Công trình thủy lợi 
852 |a Phòng Đọc - Phòng Mượn 
901 |a 10 
927 |a Sách tham khảo 
OWN |a LSK 
AVA |a UDN50  |b LSK  |d 627 Vă-B  |e available  |t Error 5001 Not defined in file expand_doc_bib_avail.  |f 10  |g 0  |h N  |i 0  |k 1 
999 |a From the UDN01 
AVA |a UDN50  |b LSK  |d 627 Vă-B  |e available  |t Error 5001 Not defined in file expand_doc_bib_avail.  |f 10  |g 0  |h N  |i 0  |k 1 
TYP |a Monograph 
TYP |a Printed language 
980 |a Mạng thư viện Đại học Đà Nẵng